US States With 1000+ Cases of the COVID-19 Coronavirus - Statistics

General Stats
  • This quiz has been taken 66 times
    45 since last reset
  • The average score is 14 of 18
Answer Stats
# of Cases State % Correct
53,450 New York
100%
5,700 California
92%
4,050 Florida
87%
2,350 Texas
87%
4,300 Washington
87%
2,450 Georgia
79%
1,000 North Carolina
79%
4,650 Michigan
77%
11,150 New Jersey
74%
2,750 Pennsylvania
74%
3,500 Illinois
72%
4,250 Massachusetts
72%
1,400 Ohio
72%
1,550 Connecticut
69%
1,250 Indiana
64%
3,300 Louisiana
64%
2,050 Colorado
62%
1,500 Tennessee
59%
No matching quizzes found
Score Distribution
Percent of People with Each Score
Percentile by Number Answered
Your Score History
You have not taken this quiz since the last reset